[Event "Saint John"]
[Site "Saint John CAN"]
[Date "2005.11.19"]
[Round "3"]
[White "Doucette, Raymond"]
[Black "MacDonald, Jonathan"]
[Result "0-1"]
[WhiteElo "1708"]
[BlackElo "2059"]
[PlyCount "98"]
[GameId "2160767910838240"]
[EventDate "2005.11.18"]
[EventType "tourn"]
[EventRounds "5"]
[EventCountry "CAN"]
[SourceTitle "EXT 2022"]
[Source "ChessBase"]
[SourceDate "2021.10.06"]
[SourceVersion "1"]
[SourceVersionDate "2021.10.06"]
[SourceQuality "1"]

1. d4 c5 2. d5 Nf6 3. c4 e5 4. Nc3 d6 5. e4 g6 6. f4 exf4 7. Bxf4 Nh5 8. Nge2 Nxf4 9. Nxf4 Bg7 10. Be2 O-O 11. O-O a6 12. a4 Nd7 13. Qc2 Ne5 14. b3 Bg4 15. h3 Bd7 16. Rab1 Rc8 17. Nd1 Qh4 18. Ne3 Bh6 19. g3 Qxg3+ 20. Neg2 Bxh3 21. Kh1 f5 22. Nxh3 Qxh3+ 23. Kg1 f4 24. Rf2 f3 25. Qc3 Qg4 26. Bd1 Qxe4 27. Bc2 Qd4 28. Qxd4 cxd4 29. Ne1 Be3 30. Kf1 Bxf2 31. Kxf2 Ng4+ 32. Kg3 f2 33. Nf3 Rxf3+ 34. Kxf3 f1=Q+ 35. Rxf1 Nh2+ 36. Kg2 Nxf1 37. Kxf1 Kf7 38. Kf2 Kf6 39. Bd3 Ke5 40. b4 g5 41. Kg3 h5 42. Kf3 Rf8+ 43. Kg3 Rf6 44. a5 g4 45. Kh4 Rf3 46. Be2 Rh3+ 47. Kg5 Rb3 48. b5 g3 49. Bf1 g2 0-1

[Event "Saint John"]
[Site "Saint John CAN"]
[Date "2005.11.19"]
[Round "3"]
[White "Hensel, George"]
[Black "Dougherty, Michael"]
[Result "1/2-1/2"]
[WhiteElo "1651"]
[BlackElo "1838"]
[PlyCount "36"]
[GameId "2160767910838241"]
[EventDate "2005.11.18"]
[EventType "tourn"]
[EventRounds "5"]
[EventCountry "CAN"]
[SourceTitle "EXT 2022"]
[Source "ChessBase"]
[SourceDate "2021.10.06"]
[SourceVersion "1"]
[SourceVersionDate "2021.10.06"]
[SourceQuality "1"]

1. d4 Nf6 2. Nf3 e6 3. Nbd2 d5 4. e3 Bd6 5. c4 O-O 6. Be2 Nbd7 7. c5 Be7 8. b3 c6 9. Bb2 Qc7 10. Qc2 Rd8 11. O-O Nf8 12. Bd3 Bd7 13. h3 Be8 14. Ne5 N6d7 15. Nxd7 Rxd7 16. f4 f5 17. g4 g6 18. g5 Bxg5 1/2-1/2

[Event "Saint John"]
[Site "Saint John CAN"]
[Date "2005.11.20"]
[Round "4"]
[White "Dougherty, Michael"]
[Black "Davis, Neil"]
[Result "0-1"]
[WhiteElo "1838"]
[BlackElo "1956"]
[PlyCount "82"]
[GameId "2160767910838242"]
[EventDate "2005.11.18"]
[EventType "tourn"]
[EventRounds "5"]
[EventCountry "CAN"]
[SourceTitle "EXT 2022"]
[Source "ChessBase"]
[SourceDate "2021.10.06"]
[SourceVersion "1"]
[SourceVersionDate "2021.10.06"]
[SourceQuality "1"]

1. d4 c5 2. c3 e6 3. Nf3 b6 4. e4 Bb7 5. Bd3 Nf6 6. Qe2 cxd4 7. cxd4 Bb4+ 8. Nbd2 h6 9. O-O a6 10. a3 Be7 11. Re1 d6 12. Nf1 Nbd7 13. Bd2 d5 14. e5 Ne4 15. Rac1 b5 16. Rc2 Nxd2 17. Qxd2 Nb6 18. Qe2 Rc8 19. Rec1 Rxc2 20. Rxc2 Nc4 21. N3d2 Qb6 22. Nb3 h5 23. f4 g6 24. Qf2 h4 25. Nfd2 a5 26. Nf3 Ba6 27. Nc5 a4 28. Be2 Qa5 29. Bd3 Bc8 30. Qe2 Qa7 31. Qf2 Bd7 32. Kf1 Qb6 33. Ke2 b4 34. axb4 Qxb4 35. Kf1 Bb5 36. Kg1 h3 37. g4 a3 38. bxa3 Qxa3 39. Kh1 Bxc5 40. Bxc4 dxc4 41. dxc5 Bc6 0-1

[Event "Saint John"]
[Site "Saint John CAN"]
[Date "2005.11.20"]
[Round "4"]
[White "Hensel, George"]
[Black "Doucette, Raymond"]
[Result "1-0"]
[WhiteElo "1651"]
[BlackElo "1708"]
[PlyCount "103"]
[GameId "2160767910838243"]
[EventDate "2005.11.18"]
[EventType "tourn"]
[EventRounds "5"]
[EventCountry "CAN"]
[SourceTitle "EXT 2022"]
[Source "ChessBase"]
[SourceDate "2021.10.06"]
[SourceVersion "1"]
[SourceVersionDate "2021.10.06"]
[SourceQuality "1"]

1. d4 e6 2. Nf3 c5 3. c3 d5 4. Bf4 Nc6 5. e3 Nf6 6. Bd3 Be7 7. Nbd2 a6 8. a4 Nh5 9. Be5 f6 10. Bg3 Nxg3 11. hxg3 f5 12. dxc5 Bxc5 13. b4 Be7 14. b5 axb5 15. Bxb5 Bd7 16. Bxc6 bxc6 17. Ne5 Bf6 18. Qh5+ g6 19. Nxg6 hxg6 20. Qxh8+ Bxh8 21. Rxh8+ Ke7 22. Rxd8 Rxd8 23. Ke2 Kd6 24. Nf3 Rb8 25. Ra2 e5 26. a5 Ra8 27. Ne1 c5 28. f3 Bb5+ 29. Kd2 Bc4 30. Ra1 Rb8 31. Kc1 Kc6 32. g4 Ra8 33. gxf5 gxf5 34. f4 e4 35. Kd2 Kb5 36. g3 Rh8 37. a6 Rh2+ 38. Kc1 Rh1 39. Kb2 Rh2+ 40. Kb1 Rh1 41. a7 Rxe1+ 42. Kb2 Re2+ 43. Ka3 Rc2 44. Rb1+ Bb3 45. Rxb3+ Kc4 46. a8=Q Kd3 47. Qxd5+ Kxe3 48. c4+ Kf2 49. Qxc5+ Kg2 50. Qxf5 Rxc4 51. Qd5 Rc1 52. Qd2+ 1-0

[Event "Saint John"]
[Site "Saint John CAN"]
[Date "2005.11.20"]
[Round "4"]
[White "MacDonald, Jonathan"]
[Black "Bogle, Bill"]
[Result "1/2-1/2"]
[WhiteElo "2059"]
[BlackElo "2152"]
[PlyCount "78"]
[GameId "2160767910838244"]
[EventDate "2005.11.18"]
[EventType "tourn"]
[EventRounds "5"]
[EventCountry "CAN"]
[SourceTitle "EXT 2022"]
[Source "ChessBase"]
[SourceDate "2021.10.06"]
[SourceVersion "1"]
[SourceVersionDate "2021.10.06"]
[SourceQuality "1"]

1. d4 Nf6 2. Bg5 Ne4 3. h4 Nxg5 4. hxg5 g6 5. Nf3 Bg7 6. Qd2 c5 7. c3 Na6 8. Na3 d5 9. g3 Bg4 10. Ne5 Bxe5 11. dxe5 Qb6 12. Bg2 O-O-O 13. Rc1 Kb8 14. O-O Qe6 15. Qe3 h6 16. gxh6 g5 17. Qxg5 Rxh6 18. f3 Rg6 19. Qf4 Bh3 20. g4 Bxg2 21. Kxg2 Rdg8 22. Kf2 Rg5 23. Nb5 Ka8 24. Rh1 Rxe5 25. e3 f6 26. Rh6 Qb6 27. Qxe5 fxe5 28. Rxb6 axb6 29. Rh1 Kb8 30. Rh5 Nc7 31. Nxc7 Kxc7 32. Rxe5 Kd6 33. Rh5 b5 34. Rh6+ e6 35. Kg3 b4 36. cxb4 cxb4 37. f4 Ra8 38. a3 bxa3 39. bxa3 Rxa3 1/2-1/2

[Event "Saint John"]
[Site "Saint John CAN"]
[Date "2005.11.20"]
[Round "5"]
[White "Davis, Neil"]
[Black "MacDonald, Jonathan"]
[Result "0-1"]
[WhiteElo "1956"]
[BlackElo "2059"]
[PlyCount "70"]
[GameId "2160767910838246"]
[EventDate "2005.11.18"]
[EventType "tourn"]
[EventRounds "5"]
[EventCountry "CAN"]
[SourceTitle "EXT 2022"]
[Source "ChessBase"]
[SourceDate "2021.10.06"]
[SourceVersion "1"]
[SourceVersionDate "2021.10.06"]
[SourceQuality "1"]

1. e4 c5 2. Nf3 Nc6 3. d4 cxd4 4. Nxd4 e5 5. Nb3 Bb4+ 6. Bd2 Be7 7. Nc3 d6 8. Bc4 Nf6 9. f3 a6 10. Be3 Qc7 11. Bd5 Nb4 12. O-O Nbxd5 13. exd5 b5 14. a3 O-O 15. Qd2 Bd7 16. Rad1 Rac8 17. Rf2 Qc4 18. Bg5 h6 19. Be3 Bd8 20. g3 Bf5 21. Qe1 Qc7 22. Qd2 Qb7 23. g4 Bg6 24. g5 hxg5 25. Bxg5 Bb6 26. Be3 a5 27. Na1 b4 28. axb4 axb4 29. Na4 Bxe3 30. Qxe3 Nxd5 31. Rxd5 Qxd5 32. Nb6 Qc5 33. Qxc5 Rxc5 34. Nd7 Ra8 35. Rf1 Rc7 0-1

[Event "Saint John"]
[Site "Saint John CAN"]
[Date "2005.11.20"]
[Round "5"]
[White "Doucette, Raymond"]
[Black "Dougherty, Michael"]
[Result "1/2-1/2"]
[WhiteElo "1708"]
[BlackElo "1838"]
[PlyCount "25"]
[GameId "2160767910838247"]
[EventDate "2005.11.18"]
[EventType "tourn"]
[EventRounds "5"]
[EventCountry "CAN"]
[SourceTitle "EXT 2022"]
[Source "ChessBase"]
[SourceDate "2021.10.06"]
[SourceVersion "1"]
[SourceVersionDate "2021.10.06"]
[SourceQuality "1"]

1. d4 c5 2. d5 Nf6 3. c4 e5 4. Nc3 d6 5. e4 Be7 6. Be2 O-O 7. Nf3 Bg4 8. O-O Nbd7 9. a4 Nb6 10. b3 Nbd7 11. Bd2 Re8 12. Re1 Nf8 13. Rb1 1/2-1/2

[Event "Scarborough CC-ch"]
[Site "Toronto CAN"]
[Date "2005.02.17"]
[Round "7"]
[White "Smith, Maurice"]
[Black "Perez, Michael"]
[Result "1-0"]
[WhiteElo "1684"]
[BlackElo "1449"]
[PlyCount "65"]
[GameId "2160767911031733"]
[EventDate "2005.01.06"]
[EventType "swiss"]
[EventRounds "12"]
[EventCountry "CAN"]

1. d4 d5 2. c4 Nf6 3. Nc3 h6 4. Nf3 Bf5 5. Bf4 c6 6. h3 e6 7. e3 Bb4 8. Be2 Ne4 9. Rc1 Qa5 10. Qb3 dxc4 11. Bxc4 Nd7 12. O-O O-O 13. Nxe4 Bxe4 14. a3 b5 15. Bxe6 Bxf3 16. axb4 Qd8 17. gxf3 fxe6 18. Qxe6+ Kh8 19. Kh2 Rf6 20. Qe4 Rc8 21. Rg1 Nb6 22. Be5 Rf7 23. Qg6 Qd7 24. Qxh6+ Kg8 25. Rg2 Nc4 26. Bxg7 Rxg7 27. Rxg7+ Qxg7 28. Qe6+ Kh7 29. Qxc8 Nd2 30. Qf5+ Kh8 31. Qh5+ Qh7 32. Qxh7+ Kxh7 33. Kg3 1-0

[Event "Seaway Valley op"]
[Site "Morrisburg CAN"]
[Date "2005.11.12"]
[Round "1"]
[White "Qin, Zi Yi (Joey)"]
[Black "Tremblay, Rejean"]
[Result "0-1"]
[WhiteElo "1760"]
[BlackElo "2184"]
[PlyCount "54"]
[GameId "2160767910834196"]
[EventDate "2005.11.12"]
[EventType "swiss"]
[EventRounds "5"]
[EventCountry "CAN"]

1. e4 c5 2. Nf3 d6 3. d4 cxd4 4. Nxd4 Nf6 5. Nc3 a6 6. Be3 e6 7. Be2 Be7 8. Qd2 Qc7 9. f4 Nbd7 10. Nb3 b5 11. Bf3 Bb7 12. a3 O-O 13. O-O Rab8 14. Rfe1 Rfc8 15. Qf2 Ba8 16. Rad1 e5 17. f5 a5 18. Ba7 Rb7 19. Be2 Nxe4 20. Nxe4 Rxa7 21. Nxd6 Bxd6 22. Rxd6 a4 23. Bxb5 Qxd6 24. Qxa7 Qd5 25. Bf1 Rxc2 26. h3 Rxg2+ 27. Kh1 Rxb2+ 0-1

[Event "Seaway Valley op"]
[Site "Morrisburg CAN"]
[Date "2005.11.12"]
[Round "2"]
[White "Tremblay, Rejean"]
[Black "Peterson, Curtis"]
[Result "1-0"]
[WhiteElo "2184"]
[BlackElo "1889"]
[PlyCount "91"]
[GameId "2160767910834197"]
[EventDate "2005.11.12"]
[EventType "swiss"]
[EventRounds "5"]
[EventCountry "CAN"]

1. d4 Nf6 2. c4 c5 3. Nf3 g6 4. Nc3 Bg7 5. d5 d6 6. e4 O-O 7. Bd3 e6 8. h3 exd5 9. cxd5 Na6 10. O-O Nc7 11. a4 b6 12. Re1 Ba6 13. Bf4 Re8 14. Bc2 Nh5 15. Bh2 Qf6 16. Qd2 Bc8 17. e5 dxe5 18. Bxe5 Rxe5 19. Nxe5 Nf4 20. Nd3 Nxd3 21. Bxd3 Bb7 22. Be4 Rd8 23. Rad1 Ne8 24. Bf3 Qh4 25. Re4 Qf6 26. Rde1 Nd6 27. Re7 Bc8 28. Rxa7 Bxh3 29. Ne4 Nxe4 30. Rxe4 Be6 31. dxe6 Rxd2 32. e7 Rd8 33. e8=Q+ Rxe8 34. Rxe8+ Bf8 35. Bd5 Qxb2 36. Bxf7+ Kg7 37. Bc4+ Kh6 38. Rxf8 Qa1+ 39. Kh2 Qd4 40. Bg8 g5 41. Rff7 g4 42. g3 c4 43. Rf4 Qc5 44. Bxc4 Kg5 45. Bd3 Qd6 46. Rg7+ 1-0

[Event "Seaway Valley op"]
[Site "Morrisburg CAN"]
[Date "2005.11.12"]
[Round "3"]
[White "Mai, Lloyd"]
[Black "Tremblay, Rejean"]
[Result "0-1"]
[WhiteElo "1940"]
[BlackElo "2184"]
[PlyCount "106"]
[GameId "2160767910834198"]
[EventDate "2005.11.12"]
[EventType "swiss"]
[EventRounds "5"]
[EventCountry "CAN"]

1. e4 c5 2. Nf3 d6 3. d4 cxd4 4. Nxd4 Nf6 5. Nc3 a6 6. f4 e5 7. Nf3 Qc7 8. Bd3 Nbd7 9. O-O b5 10. a3 Bb7 11. Qe1 Be7 12. Kh1 O-O 13. h3 Rac8 14. g4 d5 15. exd5 Nxd5 16. Nxd5 Bxd5 17. fxe5 Nxe5 18. Be4 Nxf3 19. Bxf3 Bxf3+ 20. Rxf3 Qb7 21. Qe2 Rxc2 22. Qxc2 Qxf3+ 23. Qg2 Qd1+ 24. Qg1 Qxg1+ 25. Kxg1 Bf6 26. Rb1 Rc8 27. Be3 h6 28. Rc1 Re8 29. Bf2 Bxb2 30. Rc6 Re6 31. Rc8+ Kh7 32. Rc7 Bxa3 33. Rxf7 Be7 34. Bd4 Bf6 35. Bxf6 Rxf6 36. Rb7 Rf4 37. Rb6 Ra4 38. Kf2 b4 39. Ke3 a5 40. Kd4 Ra3 41. h4 Rg3 42. Rb5 Rxg4+ 43. Ke3 a4 44. Ra5 b3 45. Rb5 Rxh4 46. Kd3 Rh2 47. Rb4 Ra2 48. Kc3 h5 49. Rb5 Kh6 50. Rb6+ g6 51. Rb5 h4 52. Rb4 Kh5 53. Rb5+ g5 0-1

[Event "Seaway Valley op"]
[Site "Morrisburg CAN"]
[Date "2005.11.13"]
[Round "4"]
[White "Dale, Stephen"]
[Black "Archambault, Serge"]
[Result "0-1"]
[WhiteElo "1751"]
[BlackElo "1818"]
[PlyCount "72"]
[GameId "2160767910834199"]
[EventDate "2005.11.12"]
[EventType "swiss"]
[EventRounds "5"]
[EventCountry "CAN"]

1. d4 g6 2. c4 Bg7 3. Nc3 d6 4. e4 c6 5. Nf3 Bg4 6. Be3 Nd7 7. Be2 e5 8. d5 Bxf3 9. Bxf3 c5 10. O-O Ne7 11. g3 O-O 12. Bg2 a6 13. f4 exf4 14. gxf4 f5 15. e5 dxe5 16. d6 Nc6 17. Nd5 e4 18. Nc7 Nd4 19. Nxa8 Qxa8 20. Qa4 b5 21. cxb5 axb5 22. Qxa8 Rxa8 23. Kh1 Nc2 24. Bxe4 fxe4 25. Rac1 Nxe3 26. Rfe1 Bxb2 27. Rb1 Bd4 28. Rxb5 Ra6 29. Rb3 Rxd6 30. Rbxe3 Bxe3 31. Rxe3 Rd1+ 32. Kg2 Rd2+ 33. Kg3 Nf6 34. a3 Rd3 35. Rxd3 exd3 36. Kf3 Nd5 0-1

[Event "Seaway Valley op"]
[Site "Morrisburg CAN"]
[Date "2005.11.13"]
[Round "4"]
[White "Tremblay, Rejean"]
[Black "Doubleday, William"]
[Result "1-0"]
[WhiteElo "2184"]
[BlackElo "2079"]
[PlyCount "47"]
[GameId "2160767910834200"]
[EventDate "2005.11.12"]
[EventType "swiss"]
[EventRounds "5"]
[EventCountry "CAN"]

1. d4 d5 2. c4 c6 3. Nf3 Nf6 4. e3 e6 5. Nc3 Bd6 6. Qc2 Nbd7 7. g4 Nxg4 8. Rg1 Nxh2 9. Nxh2 Bxh2 10. Rxg7 Bd6 11. Rxh7 Rxh7 12. Qxh7 Nf6 13. Qh8+ Kd7 14. Qg7 Qe7 15. Bd2 b6 16. cxd5 cxd5 17. Bb5+ Kc7 18. Rc1 Kb7 19. Nxd5 exd5 20. Bc6+ Kb8 21. Bxa8 Kxa8 22. Rxc8+ Kb7 23. Rc1 Ne4 24. Qg4 1-0

[Event "Sherbrooke CC-ch"]
[Site "Sherbrooke CAN"]
[Date "2005.04.15"]
[Round "1"]
[White "Ben Ali, Amine"]
[Black "Belzil, Julien"]
[Result "1-0"]
[WhiteElo "1416"]
[BlackElo "1312"]
[PlyCount "75"]
[GameId "2160767910968768"]
[EventDate "2005.04.15"]
[EventType "swiss"]
[EventRounds "5"]
[EventCountry "CAN"]
[SourceTitle "EXT 2006"]
[Source "ChessBase"]
[SourceDate "2005.11.24"]
[SourceVersion "1"]
[SourceVersionDate "2005.11.24"]
[SourceQuality "1"]

1. d4 d5 2. c4 Nf6 3. Nc3 Nc6 4. Bg5 dxc4 5. e3 e5 6. d5 Nb4 7. Bxc4 Bd7 8. a3 h6 9. Bh4 g5 10. Bg3 b5 11. Nxb5 c6 12. Nc3 cxd5 13. axb4 dxc4 14. Bxe5 Bxb4 15. Qd4 Be7 16. Qxc4 O-O 17. Nge2 Be6 18. Qd4 Nd7 19. O-O Nxe5 20. Qxe5 Bd6 21. Qe4 Qb8 22. g3 Bh3 23. Rfd1 Re8 24. Qd5 Bc7 25. Qf3 g4 26. Qf6 Re6 27. Qf5 Qb7 28. Qd5 Qc8 29. Nb5 Bb6 30. Nf4 Rc6 31. Nd6 Qc7 32. Nxf7 Rf8 33. Nd8+ Kh7 34. Nxc6 Qc8 35. Qd7+ Qxd7 36. Rxd7+ Kg8 37. Ne7+ Kf7 38. Neg6+ 1-0

[Event "Sherbrooke CC-ch"]
[Site "Sherbrooke CAN"]
[Date "2005.04.15"]
[Round "1"]
[White "Courteau, Bernard"]
[Black "Saziouk, Alexandre"]
[Result "0-1"]
[WhiteElo "1683"]
[BlackElo "1725"]
[PlyCount "104"]
[GameId "2160767910968769"]
[EventDate "2005.04.15"]
[EventType "swiss"]
[EventRounds "5"]
[EventCountry "CAN"]
[SourceTitle "EXT 2006"]
[Source "ChessBase"]
[SourceDate "2005.11.24"]
[SourceVersion "1"]
[SourceVersionDate "2005.11.24"]
[SourceQuality "1"]

1. e4 c5 2. Nf3 d6 3. d4 cxd4 4. Nxd4 Nc6 5. Be3 Nf6 6. f3 g6 7. Nc3 Bg7 8. Bc4 Bd7 9. a3 a6 10. Qd2 Rc8 11. Ba2 Ne5 12. Bh6 O-O 13. Bxg7 Kxg7 14. Nce2 Nc4 15. Bxc4 Rxc4 16. b3 Rc5 17. c4 Qc7 18. O-O Rc8 19. Qb2 e5 20. Nc2 b5 21. Ne3 bxc4 22. bxc4 Qa7 23. Rab1 Rxc4 24. Qb6 Qxb6 25. Rxb6 R4c6 26. Rfb1 Rxb6 27. Rxb6 Rc6 28. Rxc6 Bxc6 29. Nc3 Kf8 30. Kf2 Ke7 31. Ned5+ Nxd5 32. exd5 Bb7 33. Ke3 f5 34. Kd3 h5 35. a4 g5 36. Kc4 g4 37. Ne2 gxf3 38. gxf3 h4 39. Nc3 Kf6 40. h3 Kg5 41. Ne2 a5 42. Nc3 Ba6+ 43. Nb5 Kf4 44. Kc3 e4 45. fxe4 fxe4 46. Nxd6 Ke5 47. Nb5 Bc8 48. d6 Bxh3 49. Kc4 Bg4 50. Kc5 h3 51. Nd4 h2 52. Nc6+ Kf6 0-1

[Event "Sherbrooke CC-ch"]
[Site "Sherbrooke CAN"]
[Date "2005.04.15"]
[Round "1"]
[White "Jolin, Fernand"]
[Black "Laplante, Sebastien"]
[Result "1-0"]
[WhiteElo "1411"]
[BlackElo "1184"]
[PlyCount "85"]
[GameId "2160767910968770"]
[EventDate "2005.04.15"]
[EventType "swiss"]
[EventRounds "5"]
[EventCountry "CAN"]
[SourceTitle "EXT 2006"]
[Source "ChessBase"]
[SourceDate "2005.11.24"]
[SourceVersion "1"]
[SourceVersionDate "2005.11.24"]
[SourceQuality "1"]

1. Nf3 d5 2. d4 c6 3. g3 e6 4. Bg2 Nd7 5. O-O Bd6 6. e3 Nh6 7. b3 f6 8. Nbd2 Qe7 9. c4 e5 10. c5 Bc7 11. b4 b5 12. a4 Ba6 13. a5 e4 14. Ne1 O-O-O 15. Nb3 Nf8 16. f3 f5 17. fxe4 dxe4 18. Bh3 g6 19. Bb2 Rd5 20. Ng2 Ne6 21. Nf4 Bxf4 22. exf4 Rhd8 23. Qd2 Qf6 24. Rad1 Nf7 25. Qe3 h6 26. g4 g5 27. fxg5 Nfxg5 28. Bg2 f4 29. Qd2 e3 30. Qe2 R5d7 31. d5 Qf7 32. dxe6 Qxe6 33. Rxd7 Rxd7 34. Nd4 Rxd4 35. Bxd4 Qf7 36. Bxc6 f3 37. Bxf3 Nh3+ 38. Kh1 Bb7 39. Bxb7+ Qxb7+ 40. Qg2 Nf2+ 41. Rxf2 exf2 42. Qxb7+ Kxb7 43. Bxf2 1-0

[Event "Sherbrooke CC-ch"]
[Site "Sherbrooke CAN"]
[Date "2005.04.15"]
[Round "1"]
[White "Ouellet-Lahaie, Didier"]
[Black "Germain, Benoit"]
[Result "0-1"]
[WhiteElo "1659"]
[BlackElo "1706"]
[PlyCount "56"]
[GameId "2160767910968771"]
[EventDate "2005.04.15"]
[EventType "swiss"]
[EventRounds "5"]
[EventCountry "CAN"]
[SourceTitle "EXT 2006"]
[Source "ChessBase"]
[SourceDate "2005.11.24"]
[SourceVersion "1"]
[SourceVersionDate "2005.11.24"]
[SourceQuality "1"]

1. e4 g6 2. d4 Bg7 3. Be3 Nf6 4. Nc3 d6 5. Qd2 c6 6. f3 O-O 7. h4 h5 8. O-O-O Qa5 9. Bc4 b5 10. Bb3 Qc7 11. Bh6 a5 12. Bxg7 Kxg7 13. a4 bxa4 14. Nxa4 Bd7 15. Qg5 Rh8 16. Ne2 Na6 17. Nf4 Rab8 18. e5 Nd5 19. Bxd5 cxd5 20. Nc3 Qb7 21. Nfxd5 Qxb2+ 22. Kd2 Nb4 23. Nxb4 axb4 24. Ne2 Bf5 25. Qxe7 Qxc2+ 26. Ke3 dxe5 27. Qxe5+ Kh7 28. Kf2 Rhe8 0-1

[Event "Sherbrooke CC-ch"]
[Site "Sherbrooke CAN"]
[Date "2005.04.15"]
[Round "1"]
[White "Pilotte, Benoit"]
[Black "Germain, Emile"]
[Result "0-1"]
[WhiteElo "1757"]
[BlackElo "1438"]
[PlyCount "55"]
[GameId "2160767910968772"]
[EventDate "2005.04.15"]
[EventType "swiss"]
[EventRounds "5"]
[EventCountry "CAN"]
[SourceTitle "EXT 2006"]
[Source "ChessBase"]
[SourceDate "2005.11.24"]
[SourceVersion "1"]
[SourceVersionDate "2005.11.24"]
[SourceQuality "1"]

1. e4 c6 2. d4 d5 3. c4 dxe4 4. Nc3 Nf6 5. f3 exf3 6. Nxf3 Bg4 7. Be3 e6 8. h3 Bxf3 9. Qxf3 Qb6 10. O-O-O Nbd7 11. g4 h6 12. Rh2 Rc8 13. Re2 c5 14. dxc5 Bxc5 15. Nd5 Nxd5 16. Rxd5 Bxe3+ 17. Rxe3 Nf6 18. Rde5 O-O 19. g5 hxg5 20. Rxg5 Qd4 21. Ree5 Kh8 22. Bd3 Rfd8 23. Rh5+ Nxh5 24. Rxh5+ Kg8 25. Bh7+ Kf8 26. Qa3+ Rd6 27. Qf3 Rxc4+ 28. Bc2 0-1

[Event "Sherbrooke CC-ch"]
[Site "Sherbrooke CAN"]
[Date "2005.04.15"]
[Round "1"]
[White "Poirier, Vincent"]
[Black "Viens, Nicolas"]
[Result "1/2-1/2"]
[WhiteElo "1442"]
[BlackElo "1348"]
[PlyCount "51"]
[GameId "2160767910968773"]
[EventDate "2005.04.15"]
[EventType "swiss"]
[EventRounds "5"]
[EventCountry "CAN"]
[SourceTitle "EXT 2006"]
[Source "ChessBase"]
[SourceDate "2005.11.24"]
[SourceVersion "1"]
[SourceVersionDate "2005.11.24"]
[SourceQuality "1"]

1. d4 d5 2. c4 e6 3. Nc3 Nf6 4. Nf3 Nc6 5. e3 Be7 6. Bd3 O-O 7. O-O b6 8. cxd5 exd5 9. a3 Bg4 10. Be2 Re8 11. Qc2 Bd6 12. Bd2 Ne7 13. Rac1 c6 14. e4 dxe4 15. Nxe4 Nxe4 16. Qxe4 Bf5 17. Qh4 Ng6 18. Qxd8 Raxd8 19. Rfe1 Be4 20. Ng5 Bd5 21. Bf3 Bxf3 22. Nxf3 c5 23. Rxe8+ Rxe8 24. dxc5 Bxc5 25. b4 Bd6 26. Re1 1/2-1/2

[Event "Sherbrooke CC-ch"]
[Site "Sherbrooke CAN"]
[Date "2005.04.29"]
[Round "3"]
[White "Adeelyar, Parwiz"]
[Black "Lariviere, Mario"]
[Result "1-0"]
[WhiteElo "1057"]
[BlackElo "1226"]
[PlyCount "49"]
[GameId "2160767910968774"]
[EventDate "2005.04.15"]
[EventType "swiss"]
[EventRounds "5"]
[EventCountry "CAN"]
[SourceTitle "EXT 2006"]
[Source "ChessBase"]
[SourceDate "2005.11.24"]
[SourceVersion "1"]
[SourceVersionDate "2005.11.24"]
[SourceQuality "1"]

1. g3 d5 2. Bg2 e6 3. d4 Nc6 4. e3 Bd7 5. a3 Nf6 6. Nf3 Be7 7. O-O O-O 8. Re1 h6 9. Nbd2 Nh7 10. c4 dxc4 11. Nxc4 f5 12. Nfe5 Nxe5 13. Nxe5 c6 14. e4 fxe4 15. Rxe4 Ng5 16. Rg4 Bf6 17. Ng6 Rf7 18. Be3 e5 19. Rxg5 Bxg5 20. Nxe5 Rf6 21. f4 Bh4 22. gxh4 Rc8 23. Rc1 Bf5 24. d5 Rf8 25. Bc5 1-0

[Event "Sherbrooke CC-ch"]
[Site "Sherbrooke CAN"]
[Date "2005.04.29"]
[Round "3"]
[White "Belzil, Julien"]
[Black "Viens, Nicolas"]
[Result "0-1"]
[WhiteElo "1312"]
[BlackElo "1348"]
[PlyCount "36"]
[GameId "2160767910968775"]
[EventDate "2005.04.15"]
[EventType "swiss"]
[EventRounds "5"]
[EventCountry "CAN"]
[SourceTitle "EXT 2006"]
[Source "ChessBase"]
[SourceDate "2005.11.24"]
[SourceVersion "1"]
[SourceVersionDate "2005.11.24"]
[SourceQuality "1"]

1. b3 e5 2. Nc3 Nf6 3. e4 Nc6 4. Bb2 Bc5 5. h3 d6 6. Nf3 Be6 7. Bb5 a6 8. Bxc6+ bxc6 9. Na4 Ba7 10. Qe2 O-O 11. O-O Qd7 12. Ng5 h6 13. Nxe6 fxe6 14. Kh1 Kh7 15. d3 Qe8 16. Bc1 Nh5 17. g3 Bxf2 18. Rxf2 Nxg3+ 0-1

[Event "Sherbrooke CC-ch"]
[Site "Sherbrooke CAN"]
[Date "2005.04.29"]
[Round "3"]
[White "Courteau, Bernard"]
[Black "Ouellet-Lahaie, Didier"]
[Result "1-0"]
[WhiteElo "1683"]
[BlackElo "1659"]
[PlyCount "63"]
[GameId "2160767910968776"]
[EventDate "2005.04.15"]
[EventType "swiss"]
[EventRounds "5"]
[EventCountry "CAN"]
[SourceTitle "EXT 2006"]
[Source "ChessBase"]
[SourceDate "2005.11.24"]
[SourceVersion "1"]
[SourceVersionDate "2005.11.24"]
[SourceQuality "1"]

1. e4 e5 2. Nf3 Nf6 3. Nxe5 d6 4. Nf3 Nxe4 5. d4 d5 6. Bd3 Bd6 7. O-O O-O 8. c4 c6 9. Re1 Re8 10. Nbd2 Nf6 11. Nf1 Rxe1 12. Qxe1 h6 13. h3 Be6 14. c5 Bc7 15. Bd2 b6 16. b4 a5 17. a3 axb4 18. axb4 Rxa1 19. Qxa1 b5 20. Qe1 Qc8 21. Ng3 Nbd7 22. Nh4 Bxg3 23. fxg3 Nf8 24. g4 Qa6 25. Nf5 Bxf5 26. gxf5 Qa2 27. Bf4 Qa3 28. Qd2 Ne4 29. Bxe4 dxe4 30. d5 cxd5 31. c6 g5 32. Be3 1-0

[Event "Sherbrooke CC-ch"]
[Site "Sherbrooke CAN"]
[Date "2005.04.29"]
[Round "3"]
[White "Grenier, Jean-Pierre"]
[Black "Germain, Emile"]
[Result "1-0"]
[WhiteElo "1635"]
[BlackElo "1438"]
[PlyCount "65"]
[GameId "2160767910968777"]
[EventDate "2005.04.15"]
[EventType "swiss"]
[EventRounds "5"]
[EventCountry "CAN"]
[SourceTitle "EXT 2006"]
[Source "ChessBase"]
[SourceDate "2005.11.24"]
[SourceVersion "1"]
[SourceVersionDate "2005.11.24"]
[SourceQuality "1"]

1. d4 d5 2. Nf3 Nf6 3. e3 Bf5 4. c4 e6 5. c5 g6 6. Nc3 Bg7 7. Nh4 O-O 8. h3 g5 9. Nxf5 exf5 10. g4 Qd7 11. gxf5 Qxf5 12. Bd3 Ne4 13. Qc2 Re8 14. Nxe4 dxe4 15. Be2 Qd7 16. Bg4 f5 17. Qc4+ Kh8 18. Bh5 Re7 19. b4 Nc6 20. b5 Na5 21. Qc3 b6 22. c6 Qd5 23. Ba3 Re5 24. dxe5 Bxe5 25. Qc1 Bxa1 26. Qxa1+ Kg8 27. Qf6 Nc4 28. Qxg5+ Kh8 29. Be7 Qd2+ 30. Kf1 Qd3+ 31. Be2 Nd2+ 32. Kg2 Qc3 33. Bf6+ 1-0